MARC

LEADER 00000nam0a2200000 4500
001 171910
005 20231031164147.0
035 |a (RuTPU)RU\TPU\book\186383 
090 |a 171910 
100 |a 20091209d1961 k y0rusy50 ca 
101 0 |a rus 
102 |a RU 
105 |a a z 001zy 
200 1 |a Физико-химические процессы в промерзающих и мерзлых горных породах  |e сборник статей  |f Академия наук СССР (АН СССР), Сибирское отделение (СО), Институт мерзлотоведения (ИМЗ) ; под ред. И. А. Тютюнова 
210 |a Москва  |c Изд-во Академии наук СССР  |d 1961 
215 |a 112 с.  |c ил. 
320 |a Библиогр. в конце ст. 
610 1 |a грунты 
610 1 |a мерзлые грунты 
610 1 |a физико-химические свойства 
610 1 |a сборники 
610 1 |a мерзлые породы 
610 1 |a геофизические исследования 
610 1 |a ультразвуковая аппаратура 
675 |a 551.525  |v 3 
702 1 |a Тютюнов  |b И. А.  |g Иван Алексеевич  |4 340 
712 0 2 |a Академия наук СССР (АН СССР)  |b Сибирское отделение (СО)  |b Институт мерзлотоведения (ИМЗ)  |c (Якутск)  |2 stltpush  |3 (RuTPU)RU\TPU\col\12256 
801 1 |a RU  |b 63413507  |c 20091209 
801 2 |a RU  |b 63413507  |c 20141023  |g RCR 
942 |c BK